| 000 | 00550nam a2200133Ia 4500 | ||
|---|---|---|---|
| 008 | 171207s9999 xx 000 0 und d | ||
| 100 | _aPandey, Sheela | ||
| 245 | 4 | _aThe Appeal of Social Accelerators: What do Social Entrepreneurs Value? | |
| 245 | _cSheela Pandey, Saurabh Lall, Sanjay K. Pandey & Sucheta Ahlawat | ||
| 260 | _c2017 | ||
| 300 | _apages 88-109, March 2017 | ||
| 440 |
_aJournal of Social Entrepreneurship _v8:1 |
||
| 650 | _aSocial accelerator, social entrepreneur, value proposition, population ecology, sponsorship, human capital | ||
| 999 |
_c347591 _d347591 |
||